LEADER 01296nam a2200277 u 4500 001 000000116707 003 CaOOAMICUS 005 20090721101203.0 008 090721s2009 gw u000 u ger r 020 $z978-3-451-02233-3* 040 $aPUL$bita$dLDB 245 00$aForschung contra Lebensschutz? :$bder Streit um die Stammzellforschung /$chrsg. von Konrad Hilpert. 260 $aFreiburg im Breisgeu; Basel; Wien :$bHerder,$cc2009. 300 $a408 p. ;$c22 cm 490 1 $aQuaestiones disputatae ;$v233 504 $aInclude indice e riferimenti bibliografici. 650 4$aEmbriologia umana.$0(OLS)http://pul/subject/19215 650 4$aBioetica.$0(OLS)http://pul/subject/2868 700 1 $aHilpert, Konrad.$0(OLS)http://pul/name/59411 830 0$aQuaestiones disputatae ;$v233.$0(OLS)http://pul/title/4920 850 $aPUL 852 $aPUL$W1$xSL Religione 2$y84$mTheol A6 233$j133818$qStampati Altre Collocazioni$B132846$CPULBib$Z2$F132846 $H111097 $82 941 1 $a10 996 $6020$z978-3-451-02233-3*$9(OLS)http://pul/number/141492 996 $6245$aForschung contra Lebensschutz? :$bder Streit um die Stammzellforschung$9(OLS)http://pul/title/146699 996 $6260$aFreiburg im Breisgeu; Basel; Wien :$bHerder$9(OLS)http://pul/publisher/79078 LEADER 01561nam a2200325 a 4500 001 000000160478 003 CaOOAMICUS 005 20170503123219.0 008 170503s2017 it u000 u ita r 020 $a978-88-13-36212-6* 032 $aLibriCat 040 $aPUL$bita 082 04$a345.4502 245 02$aL'espansione della criminalità organizzata in nuovi contesti territoriali e le sue infiltrazioni nel sistema locale e nell'attività d'impresa. 260 $aPadova :$bCEDAM,$c©2017$aMilanofiori Assago :$bWolters Kluwer 300 $a86 p. ;$c24 cm. 500 $aInclude indice. 500 $aIn testa al front.: Fondazione Gaetano Costa. 504 $aBibliografia in nota. 650 4$aCriminalità organizzata$xLegislazione penale.$0(OLS)http://pul/subject/33648 710 2 $aFondazione Gaetano Costa.$0(OLS)http://pul/name/102681 850 $aPUL 852 $aPUL$W1$xSL Diritto e Scienze Sociali 3$y79$m345. 4502 FONCO 1$j184092$qDDC 21$B187301$CPULBib$Z2$F187301 $H129456 $81 941 1 $a9 996 $6020$a978-88-13-36212-6*$9(OLS)http://pul/number/162570 996 $6082$a345.4502$9(OLS)http://pul/classification/2020 996 $6245$aL'espansione della criminalità organizzata in nuovi contesti territoriali e le sue infiltrazioni nel sistema locale e nell'attività d'impresa$9(OLS)http://pul/title/200134 996 $6260$aPadova :$bCEDAM$9(OLS)http://pul/publisher/48126 996 $6260$aMilanofiori Assago :$bWolters Kluwer$9(OLS)http://pul/publisher/81463